Every Song by Vampire Weekend - Statistics

General Stats
  • This quiz has been taken 254 times
  • The average score is 40 of 71
Answer Stats
Album Song % Correct
Vampire Weekend(2008) Oxford Comma
89%
Vampire Weekend(2008) A-Punk
88%
Vampire Weekend(2008) Campus
82%
Only God Was Above Us(2024) Ice Cream Piano
78%
Vampire Weekend(2008) Cape Cod Kwassa Kwassa
77%
Modern Vampires of the City(2013) Diane Young
76%
Vampire Weekend(2008) Mansard Roof
76%
Vampire Weekend(2008) Walcott
76%
Contra(2010) Cousins
75%
Modern Vampires of the City(2013) Step
74%
Contra(2010) Horchata
72%
Vampire Weekend(2008) M79
71%
Only God Was Above Us(2024) Capricorn
70%
Father of the Bride(2019) Harmony Hall
70%
Vampire Weekend(2008) The Kids Don't Stand a Chance
69%
Contra(2010) Giving Up the Gun
68%
Father of the Bride(2019) Sunflower
68%
Contra(2010) I Think Ur a Contra
67%
Only God Was Above Us(2024) Gen-X Cops
66%
Father of the Bride(2019) This Life
66%
Vampire Weekend(2008) Bryn
65%
Modern Vampires of the City(2013) Hannah Hunt
65%
Modern Vampires of the City(2013) Obvious Bicycle
65%
Modern Vampires of the City(2013) Unbelievers
65%
Contra(2010) California English
64%
Contra(Bonus)(2010) California English, Pt. 2
64%
Contra(2010) Diplomat's Son
64%
Only God Was Above Us(2024) Hope
64%
Contra(2010) White Sky
64%
Modern Vampires of the City(2013) Hudson
63%
Only God Was Above Us(2024) Classical
62%
Contra(2010) Holiday
62%
Only God Was Above Us(2024) Mary Boone
62%
Only God Was Above Us(2024) Pravda
62%
Only God Was Above Us(2024) Prep-School Gangsters
62%
Modern Vampires of the City(2013) Ya Hey
62%
Vampire Weekend(2008) One (Blake's Got a New Face)
61%
Only God Was Above Us(2024) The Surfer
60%
Modern Vampires of the City(2013) Young Lion
60%
Vampire Weekend(2008) I Stand Corrected
58%
Modern Vampires of the City(2013) Finger Back
57%
Only God Was Above Us(2024) Connect
56%
Father of the Bride(2019) Bambina
55%
Contra(2010) Run
55%
Father of the Bride(2019) Unbearably White
55%
Father of the Bride(2019) Married in a Gold Rush
53%
Contra(2010) Taxi Cab
53%
Father of the Bride(2019) 2021
51%
Father of the Bride(2019) Hold You Now
50%
Modern Vampires of the City(2013) Don't Lie
49%
Father of the Bride(2019) Flower Moon
49%
Modern Vampires of the City(2013) Worship You
49%
Modern Vampires of the City(2013) Everlasting Arms
48%
Father of the Bride(2019) Jerusalem, New York, Berlin
48%
Father of the Bride(2019) Big Blue
47%
Father of the Bride(2019) Sympathy
47%
Vampire Weekend(Bonus)(2008) Ladies of Cambridge [a.k.a. Boston]
45%
Contra(Bonus)(2010) Ottoman
45%
Father of the Bride(2019) Rich Man
41%
Father of the Bride(2019) How Long?
40%
Father of the Bride(2019) We Belong Together
39%
Contra(Bonus)(2010) Giant
35%
Father of the Bride(2019) Spring Snow
35%
Vampire Weekend(Bonus)(2008) Arrows
34%
Father of the Bride(Bonus)(2020) Houston Dubai
34%
Father of the Bride(2019) Stranger
30%
Father of the Bride(2019) My Mistake
28%
Father of the Bride(Bonus)(2020) Lord Ullin's Daughter
25%
Father of the Bride(Bonus)(2020) I Don't Think Much About Her No More
16%
Contra(Bonus)(2010) Contramelt A
6%
Contra(Bonus)(2010) Contramelt B
6%
No matching quizzes found
Score Distribution
Percent of People with Each Score
Percentile by Number Answered
Your Score History
You have not taken this quiz